| 000 | 00497nam a2200157 a 4500 | ||
|---|---|---|---|
| 005 | 20140412111302.0 | ||
| 008 | 010418s19uu xx 00 eng d | ||
| 020 | _a971-19-0057-2 | ||
| 050 |
_aFil 268 _bEAG 1991 |
||
| 245 |
_aThe eagle in the chicken yard : _ba modern day parable. |
||
| 250 | _aA parallel text edition | ||
| 260 |
_aPhilippines : _bSonolux Asia & Cacho Publishing House, Inc, _c1991. |
||
| 300 | _a1 v. (unp.) ; ill. | ||
| 650 | _aEagles stories, Philippines | ||
| 999 |
_c103447 _d103447 |
||